Examining Ireland's post-femine economic growth performance (Record no. 54447)

000 -LEADER
fixed length control field 00435pab a2200169 454500
008 - FIXED-LENGTH DATA ELEMENTS--GENERAL INFORMATION
fixed length control field 180718b2002 xxu||||| |||| 00| 0 eng d
100 ## - MAIN ENTRY--PERSONAL NAME
Personal name Geary, Frank
245 ## - TITLE STATEMENT
Title Examining Ireland's post-femine economic growth performance
260 ## - PUBLICATION, DISTRIBUTION, ETC.
Date of publication, distribution, etc. 2002
300 ## - PHYSICAL DESCRIPTION
Extent p.919-35.
362 ## - DATES OF PUBLICATION AND/OR SEQUENTIAL DESIGNATION
Dates of publication and/or sequential designation Oct
650 ## - SUBJECT ADDED ENTRY--TOPICAL TERM
Topical term or geographic name entry element Economic growth - Ireland
650 ## - SUBJECT ADDED ENTRY--TOPICAL TERM
Topical term or geographic name entry element Economic growth
700 ## - ADDED ENTRY--PERSONAL NAME
Personal name Stark, Tom
773 ## - HOST ITEM ENTRY
Main entry heading Economic Journal
909 ## -
-- 54447
Holdings
Withdrawn status Lost status Damaged status Not for loan Permanent Location Current Location Date acquired Serial Enumeration / chronology Barcode Date last seen Price effective from Koha item type
        Indian Institute of Public Administration Indian Institute of Public Administration 2018-07-19 Volume no: 112, Issue no: 482 AR54892 2018-07-19 2018-07-19 Articles

Powered by Koha